|
|
|
|
| LEADER |
00000nab a2200000 ar4500 |
| 001 |
vtls010490302 |
| 003 |
SK-MaSNL |
| 005 |
20260304181143.0 |
| 008 |
171109c2012 xo wr|p|||||||000 b|slo |
| 038 |
|
|
|a PPPK
|
| 040 |
|
|
|a PPPKCL
|b slo
|c PPPKCL
|e AACR2
|
| 041 |
0 |
|
|a slo
|
| 044 |
|
|
|a xo
|c SK
|
| 080 |
|
|
|a 821.162.4-055.2
|2 2001
|
| 080 |
|
|
|a 821.162.4
|2 2001
|
| 245 |
0 |
0 |
|a Za pseudonym si vybrala meno svojej babičky
|c [text a foto] (bel)
|
| 300 |
|
|
|b Fotogr.
|
| 600 |
1 |
7 |
|a Mačugová, Ľubica
|2 pppkcl
|9 1511164
|
| 600 |
1 |
7 |
|a Shindllerová, Gizela
|t Muž, ktorý ťa sleduje
|2 pppkcl
|9 1511165
|
| 650 |
0 |
7 |
|a slovenské spisovateľky
|2 pppkcl
|9 66576
|
| 650 |
0 |
7 |
|a osobnosti
|2 snkbucl
|9 29820
|
| 650 |
0 |
7 |
|a slovenská literatúra
|2 pppkcl
|9 1115
|
| 651 |
|
7 |
|a Poprad (Slovensko)
|2 pppkcl
|9 20155
|
| 773 |
0 |
|
|t Podtatranské noviny
|g Roč. LIII, č. 33 (2012), s. 4
|x 1210-2423
|
| 852 |
|
|
|a PPPK
|b KIS3GCP
|
| 999 |
|
|
|c 3022169
|d 3024099
|